| 000 | 00552nam a2200193Ia 4500 | ||
|---|---|---|---|
| 005 | 20250616122220.0 | ||
| 008 | 008 250516s9999 xx 000 0 eng d | ||
| 020 | _a9789360455224 | ||
| 040 |
_beng _cSDCL |
||
| 041 |
_aeng _2eng |
||
| 084 | _aV273'P R4 | ||
| 100 |
_aSharma, Mrityunjay _9535318 |
||
| 245 | 0 |
_aBroken promises : _bCaste, crime and politics in Bihar |
|
| 260 |
_aNew Delhi : _bWestland Publications Limited, _c2024. |
||
| 300 | _axiii, 333p. | ||
| 650 | _aPolitical Science | ||
| 700 | _aVarma, Pavan K. | ||
| 942 |
_cTEXL _2CC |
||
| 999 |
_c1430517 _d1430517 |
||